[Event "Kupreichik Memorial Rapid 2019"]
[Site "Minsk"]
[Date "2019.08.15"]
[Round "1.34"]
[White "Makarau, Yauheni"]
[Black "Vashchilov, Sergey"]
[Result "0-1"]
[WhiteElo "1459"]
[BlackElo "2162"]
[Annotator "NA"]
[PlyCount "86"]
[EventDate "2019.08.15"]
[EventType "swiss"]
[EventCountry "BLR"]
[SourceTitle "playchess.com"]
[Source "ChessBase"]
[SourceQuality "1"]
[TimeControl "900+10"]

1. e4 {[%emt 0:00:00]} e6 {[%emt 0:00:00]} 2. d4 {[%emt 0:00:00]} d5 {[%emt 0:00:00]} 3. exd5 {[%emt 0:00:00]} exd5 {[%emt 0:00:00]} 4. Bd3 {[%emt 0:00:00]} Bd6 {[%emt 0:00:04]} 5. Nf3 {[%emt 0:00:02]} Ne7 {[%emt 0:00:02]} 6. O-O {[%emt 0:00:08]} Bg4 {[%emt 0:00:02]} 7. Nbd2 {[%emt 0:00:28]} Nbc6 {[%emt 0:00:08]} 8. c3 {[%emt 0:00:22]} Qd7 {[%emt 0:00:35]} 9. Qc2 {[%emt 0:00:48]} h6 {[%emt 0:01:53]} 10. Re1 {[%emt 0:00:47]} O-O {[%emt 0:00:29]} 11. Ne5 {[%emt 0:01:41]} Nxe5 {[%emt 0:00:14]} 12. dxe5 {[%emt 0:00:07]} Bc5 {[%emt 0:00:02]} 13. Nb3 {[%emt 0:00:33]} Bb6 {[%emt 0:00:07]} 14. Be3 {[%emt 0:00:53]} Bf5 {[%emt 0:01:29]} 15. Bxb6 {[%emt 0:00:52]} axb6 {[%emt 0:00:31]} 16. Nd4 {[%emt 0:00:19]} Bxd3 {[%emt 0:01:38]} 17. Qxd3 {[%emt 0:00:01]} Nc6 {[%emt 0:02:34]} 18. e6 {[%emt 0:01:09]} fxe6 {[%emt 0:00:04]} 19. Nxe6 {[%emt 0:00:06]} Rf6 {[%emt 0:00:16]} 20. Nd4 {[%emt 0:02:28]} Raf8 {[%emt 0:02:26]} 21. Nf3 {[%emt 0:01:50]} Kh8 {[%emt 0:01:17]} 22. Re2 {[%emt 0:01:38]} Qg4 {[%emt 0:00:34]} 23. Kf1 {[%emt 0:01:15]} Rg6 {[%emt 0:01:10]} 24. Nh4 {[%emt 0:01:19]} Rg5 {[%emt 0:01:41]} 25. g3 {[%emt 0:00:23]} Qh3+ {[%emt 0:00:17]} 26. Ke1 {[%emt 0:00:57]} Qxh2 {[%emt 0:00:06]} 27. Kd2 {[%emt 0:00:33]} Rxf2 {[%emt 0:00:48]} 28. Nf3 {[%emt 0:00:27]} Rxe2+ {[%emt 0:00:31]} 29. Qxe2 {[%emt 0:00:01]} Qxe2+ {[%emt 0:00:10]} 30. Kxe2 {[%emt 0:00:01]} Rxg3 {[%emt 0:00:15]} 31. Kf2 {[%emt 0:00:17]} Rg4 {[%emt 0:00:19]} 32. Re1 {[%emt 0:00:02]} Re4 {[%emt 0:00:20]} 33. Rxe4 {[%emt 0:00:32]} dxe4 {[%emt 0:00:01]} 34. Nd2 {[%emt 0:00:02]} Ne5 {[%emt 0:00:07]} 35. Ke3 {[%emt 0:00:23]} Nd3 {[%emt 0:00:16]} 36. b4 {[%emt 0:00:09]} Ne5 {[%emt 0:00:14]} 37. Kxe4 {[%emt 0:00:05]} Nd7 {[%emt 0:00:06]} 38. Nf3 {[%emt 0:00:06]} Kg8 {[%emt 0:00:05]} 39. Kf5 {[%emt 0:00:24]} Kf7 {[%emt 0:00:03]} 40. Nh4 {[%emt 0:00:08]} Nf8 {[%emt 0:00:16]} 41. c4 {[%emt 0:00:09]} g6+ {[%emt 0:00:06]} 42. Ke4 {[%emt 0:00:06]} Kf6 {[%emt 0:00:18]} 43. a4 {[%emt 0:00:04]} Nd7 {[%emt 0:00:09]} 0-1

[Event "Kupreichik Memorial Rapid 2019"]
[Site "Minsk"]
[Date "2019.08.15"]
[Round "1.35"]
[White "Lazavik, Denis"]
[Black "Laptev, Viktor"]
[Result "1-0"]
[WhiteElo "2347"]
[BlackElo "1424"]
[Annotator "NA"]
[PlyCount "83"]
[EventDate "2019.08.15"]
[EventType "swiss"]
[EventCountry "BLR"]
[SourceTitle "playchess.com"]
[Source "ChessBase"]
[SourceQuality "1"]
[TimeControl "900+10"]

1. d4 {[%emt 0:00:00]} Nf6 {[%emt 0:00:00]} 2. c4 {[%emt 0:00:00]} g6 {[%emt 0:00:00]} 3. g3 {[%emt 0:00:00]} Bg7 {[%emt 0:00:21]} 4. Bg2 {[%emt 0:00:03]} O-O {[%emt 0:00:19]} 5. Nc3 {[%emt 0:00:03]} c6 {[%emt 0:00:17]} 6. e4 {[%emt 0:00:07]} d6 {[%emt 0:00:36]} 7. Nge2 {[%emt 0:00:05]} Nbd7 {[%emt 0:00:55]} 8. O-O {[%emt 0:00:06]} e5 {[%emt 0:00:20]} 9. h3 {[%emt 0:00:35]} a6 {[%emt 0:00:57]} 10. Be3 {[%emt 0:01:23]} b5 {[%emt 0:00:20]} 11. c5 {[%emt 0:02:00]} exd4 {[%emt 0:00:22]} 12. Nxd4 {[%emt 0:00:02]} Ne5 {[%emt 0:05:32]} 13. cxd6 {[%emt 0:00:43]} Qxd6 {[%emt 0:01:33]} 14. f4 {[%emt 0:01:29]} Nc4 {[%emt 0:00:03]} 15. Bf2 {[%emt 0:00:30]} Qc7 {[%emt 0:00:11]} 16. e5 {[%emt 0:00:10]} Rd8 {[%emt 0:01:12]} 17. Qc2 {[%emt 0:00:56]} Nd5 {[%emt 0:00:14]} 18. Nxd5 {[%emt 0:00:03]} cxd5 {[%emt 0:00:29]} 19. b3 {[%emt 0:00:03]} Bb7 {[%emt 0:00:01]} 20. bxc4 {[%emt 0:00:21]} dxc4 {[%emt 0:00:03]} 21. Rad1 {[%emt 0:00:20]} Bxg2 {[%emt 0:00:23]} 22. Kxg2 {[%emt 0:00:02]} Qb7+ {[%emt 0:00:23]} 23. Kg1 {[%emt 0:00:08]} Rdc8 {[%emt 0:00:05]} 24. Ne2 {[%emt 0:00:30]} b4 {[%emt 0:00:08]} 25. Rd4 {[%emt 0:00:50]} b3 {[%emt 0:01:03]} 26. Qc3 {[%emt 0:00:56]} b2 {[%emt 0:00:54]} 27. Rb1 {[%emt 0:00:06]} Qb5 {[%emt 0:00:02]} 28. Rxb2 {[%emt 0:00:04]} Qc6 {[%emt 0:00:46]} 29. Rc2 {[%emt 0:00:11]} Qe6 {[%emt 0:00:04]} 30. Kh2 {[%emt 0:00:02]} Rab8 {[%emt 0:00:33]} 31. Rxc4 {[%emt 0:00:08]} Rxc4 {[%emt 0:00:02]} 32. Qxc4 {[%emt 0:00:01]} Qxc4 {[%emt 0:00:10]} 33. Rxc4 {[%emt 0:00:02]} Bf8 {[%emt 0:00:01]} 34. Rc2 {[%emt 0:00:04]} a5 {[%emt 0:00:07]} 35. a4 {[%emt 0:00:06]} Kg7 {[%emt 0:00:07]} 36. Kg2 {[%emt 0:00:03]} Bb4 {[%emt 0:00:01]} 37. Nd4 {[%emt 0:00:04]} h5 {[%emt 0:00:08]} 38. Nc6 {[%emt 0:00:02]} Rb7 {[%emt 0:00:05]} 39. Nxb4 {[%emt 0:00:02]} Rxb4 {[%emt 0:00:04]} 40. Ra2 {[%emt 0:00:01]} f6 {[%emt 0:00:03]} 41. exf6+ {[%emt 0:00:03]} Kxf6 {[%emt 0:00:01]} 42. Be1 {[%emt 0:00:01]} 1-0

[Event "Kupreichik Memorial Rapid 2019"]
[Site "Minsk"]
[Date "2019.08.15"]
[Round "1.36"]
[White "Novik, Nikita"]
[Black "Kalinin, Dmitry"]
[Result "0-1"]
[WhiteElo "1355"]
[BlackElo "2119"]
[Annotator "NA"]
[PlyCount "118"]
[EventDate "2019.08.15"]
[EventType "swiss"]
[EventCountry "BLR"]
[SourceTitle "playchess.com"]
[Source "ChessBase"]
[SourceQuality "1"]
[TimeControl "900+10"]

1. d4 {[%emt 0:00:00]} Nf6 {[%emt 0:00:00]} 2. c4 {[%emt 0:00:00]} e6 {[%emt 0:00:00]} 3. Nc3 {[%emt 0:00:00]} d5 {[%emt 0:00:01]} 4. e3 {[%emt 0:00:00]} Be7 {[%emt 0:00:15]} 5. Nf3 {[%emt 0:00:05]} O-O {[%emt 0:00:15]} 6. cxd5 {[%emt 0:00:11]} exd5 {[%emt 0:00:01]} 7. Bd3 {[%emt 0:00:04]} b6 {[%emt 0:00:25]} 8. O-O {[%emt 0:00:04]} Bb7 {[%emt 0:00:13]} 9. b3 {[%emt 0:01:00]} Nbd7 {[%emt 0:00:08]} 10. Bb2 {[%emt 0:00:04]} Ne4 {[%emt 0:00:58]} 11. Nd2 {[%emt 0:01:25]} f5 {[%emt 0:00:52]} 12. f3 {[%emt 0:00:42]} Nxc3 {[%emt 0:00:17]} 13. Bxc3 {[%emt 0:00:07]} Bd6 {[%emt 0:02:10]} 14. Qc2 {[%emt 0:01:54]} Qh4 {[%emt 0:00:52]} 15. f4 {[%emt 0:00:12]} Qe7 {[%emt 0:03:02]} 16. Rae1 {[%emt 0:00:20]} g6 {[%emt 0:00:35]} 17. Nf3 {[%emt 0:01:20]} Rac8 {[%emt 0:00:31]} 18. Ne5 {[%emt 0:02:54]} Bxe5 {[%emt 0:01:12]} 19. fxe5 {[%emt 0:00:39]} Rf7 {[%emt 0:00:20]} 20. Rf3 {[%emt 0:01:48]} Nf8 {[%emt 0:02:21]} 21. Ref1 {[%emt 0:01:05]} Ne6 {[%emt 0:00:01]} 22. Rg3 {[%emt 0:02:26]} Kh8 {[%emt 0:00:20]} 23. Qd2 {[%emt 0:01:13]} c5 {[%emt 0:00:28]} 24. Be2 {[%emt 0:00:45]} Qc7 {[%emt 0:00:14]} 25. h4 {[%emt 0:00:22]} cxd4 {[%emt 0:00:19]} 26. Bxd4 {[%emt 0:00:18]} Qc2 {[%emt 0:00:02]} 27. Rd1 {[%emt 0:00:14]} Qxd2 {[%emt 0:00:52]} 28. Rxd2 {[%emt 0:00:01]} Rfc7 {[%emt 0:00:01]} 29. Bd3 {[%emt 0:00:13]} Rc1+ {[%emt 0:01:12]} 30. Kh2 {[%emt 0:00:01]} Bc6 {[%emt 0:00:34]} 31. h5 {[%emt 0:00:08]} Be8 {[%emt 0:00:01]} 32. hxg6 {[%emt 0:00:13]} hxg6 {[%emt 0:00:02]} 33. Rh3+ {[%emt 0:00:13]} Kg7 {[%emt 0:00:01]} 34. Rg3 {[%emt 0:00:02]} Kf7 {[%emt 0:00:18]} 35. Rf2 {[%emt 0:00:14]} Ke7 {[%emt 0:00:08]} 36. Rh3 {[%emt 0:00:09]} Bf7 {[%emt 0:00:12]} 37. Rh7 {[%emt 0:00:12]} Ng5 {[%emt 0:00:07]} 38. Rh4 {[%emt 0:00:16]} Rd1 {[%emt 0:00:19]} 39. Bb5 {[%emt 0:00:19]} Ne6 {[%emt 0:00:07]} 40. Bb2 {[%emt 0:00:08]} Ng5 {[%emt 0:00:30]} 41. Ba3+ {[%emt 0:00:01]} Ke6 {[%emt 0:00:02]} 42. Bb2 {[%emt 0:00:12]} Ne4 {[%emt 0:00:07]} 43. Rxe4 {[%emt 0:00:12]} dxe4 {[%emt 0:00:07]} 44. Bc4+ {[%emt 0:00:03]} Ke7 {[%emt 0:00:12]} 45. Ba3+ {[%emt 0:00:01]} Ke8 {[%emt 0:00:01]} 46. Bb5+ {[%emt 0:00:03]} Kd8 {[%emt 0:00:03]} 47. Ba6 {[%emt 0:00:37]} Rc7 {[%emt 0:00:23]} 48. Rf4 {[%emt 0:00:03]} Rc2 {[%emt 0:00:14]} 49. Bb5 {[%emt 0:00:17]} a6 {[%emt 0:00:17]} 50. Bxa6 {[%emt 0:00:18]} Rxa2 {[%emt 0:00:03]} 51. Rh4 {[%emt 0:00:10]} Rxa3 {[%emt 0:00:05]} 52. Rh8+ {[%emt 0:00:02]} Kd7 {[%emt 0:00:03]} 53. Bc8+ {[%emt 0:00:03]} Ke7 {[%emt 0:00:08]} 54. Rh7 {[%emt 0:00:17]} Rd8 {[%emt 0:00:20]} 55. Bb7 {[%emt 0:00:18]} Rxb3 {[%emt 0:00:13]} 56. Bc6 {[%emt 0:00:06]} Rxe3 {[%emt 0:00:06]} 57. Bb5 {[%emt 0:00:05]} Rc3 {[%emt 0:00:18]} 58. Ba6 {[%emt 0:00:19]} Rc5 {[%emt 0:00:23]} 59. Be2 Rxe5 {[%emt 0:00:04]} 0-1

[Event "Kupreichik Memorial Rapid 2019"]
[Site "Minsk"]
[Date "2019.08.15"]
[Round "1.37"]
[White "Siniauski, Artsiom"]
[Black "Harbuz, Yaraslau"]
[Result "1-0"]
[WhiteElo "2142"]
[BlackElo "1359"]
[Annotator "NA"]
[PlyCount "38"]
[EventDate "2019.08.15"]
[EventType "swiss"]
[EventCountry "BLR"]
[SourceTitle "playchess.com"]
[Source "ChessBase"]
[SourceQuality "1"]
[TimeControl "900+10"]

1. e4 {[%emt 0:00:00]} e5 {[%emt 0:00:00]} 2. Nf3 {[%emt 0:00:00]} Nc6 {[%emt 0:00:00]} 3. Bb5 {[%emt 0:00:00]} Bc5 {[%emt 0:00:23]} 4. O-O {[%emt 0:00:09]} Nge7 {[%emt 0:00:08]} 5. c3 {[%emt 0:00:13]} a6 {[%emt 0:00:50]} 6. Ba4 {[%emt 0:00:06]} b5 {[%emt 0:03:24]} 7. Bb3 {[%emt 0:00:12]} Ng6 {[%emt 0:03:58]} 8. d4 {[%emt 0:00:24]} exd4 {[%emt 0:00:33]} 9. cxd4 {[%emt 0:00:04]} Ba7 {[%emt 0:00:37]} 10. Bg5 {[%emt 0:00:34]} Nce7 {[%emt 0:01:08]} 11. Nc3 {[%emt 0:00:23]} Bb7 {[%emt 0:01:00]} 12. Rc1 {[%emt 0:00:58]} Rc8 {[%emt 0:00:21]} 13. a4 {[%emt 0:00:49]} b4 {[%emt 0:01:43]} 14. Nd5 {[%emt 0:00:06]} O-O {[%emt 0:01:35]} 15. Ne5 {[%emt 0:01:24]} Bxd5 {[%emt 0:01:22]} 16. Nxg6 {[%emt 0:00:24]} hxg6 {[%emt 0:00:10]} 17. Bxd5 {[%emt 0:00:05]} c6 {[%emt 0:00:14]} 18. Bc4 {[%emt 0:00:19]} a5 {[%emt 0:00:23]} 19. d5 {[%emt 0:00:30]} Re8 {time} 1-0

[Event "Kupreichik Memorial Rapid 2019"]
[Site "Minsk"]
[Date "2019.08.15"]
[Round "1.38"]
[White "Kasperovich, Mikhail"]
[Black "Zhukovskij, Viktor"]
[Result "0-1"]
[WhiteElo "1324"]
[BlackElo "2028"]
[Annotator "NA"]
[PlyCount "93"]
[EventDate "2019.08.15"]
[EventType "swiss"]
[EventCountry "BLR"]
[SourceTitle "playchess.com"]
[Source "ChessBase"]
[SourceQuality "1"]
[TimeControl "900+10"]

1. d4 {[%emt 0:00:00]} Nf6 {[%emt 0:00:00]} 2. Nf3 {[%emt 0:00:00]} d5 {[%emt 0:00:00]} 3. c4 {[%emt 0:00:00]} c6 {[%emt 0:00:00]} 4. Nc3 {[%emt 0:00:00]} a6 {[%emt 0:00:00]} 5. a4 {[%emt 0:01:12]} e6 {[%emt 0:00:04]} 6. Bg5 {[%emt 0:00:14]} a5 {[%emt 0:00:20]} 7. e3 {[%emt 0:00:18]} Be7 {[%emt 0:00:37]} 8. Bd3 {[%emt 0:00:24]} O-O {[%emt 0:00:22]} 9. O-O {[%emt 0:00:07]} Na6 {[%emt 0:00:45]} 10. Na2 {[%emt 0:03:17]} b6 {[%emt 0:02:53]} 11. Qc2 {[%emt 0:01:23]} h6 {[%emt 0:00:19]} 12. Bh4 {[%emt 0:01:09]} Bb7 {[%emt 0:00:14]} 13. Ne5 {[%emt 0:01:03]} c5 {[%emt 0:01:12]} 14. Rfd1 {[%emt 0:02:39]} Rc8 {[%emt 0:00:45]} 15. Qe2 {[%emt 0:00:14]} cxd4 {[%emt 0:01:20]} 16. cxd5 {[%emt 0:01:00]} Qxd5 {[%emt 0:01:24]} 17. Nf3 {[%emt 0:00:23]} Nc5 {[%emt 0:00:44]} 18. exd4 {[%emt 0:00:30]} Nxd3 {[%emt 0:00:26]} 19. Qxd3 {[%emt 0:00:07]} Rfd8 {[%emt 0:00:36]} 20. Nc3 {[%emt 0:01:21]} Qh5 {[%emt 0:00:22]} 21. Bg3 {[%emt 0:00:39]} Bxf3 {[%emt 0:00:31]} 22. Qxf3 {[%emt 0:00:02]} Qxf3 {[%emt 0:00:10]} 23. gxf3 {[%emt 0:00:01]} Rc4 {[%emt 0:01:01]} 24. Nb5 {[%emt 0:00:47]} Nd5 {[%emt 0:00:16]} 25. Rdc1 {[%emt 0:00:30]} Rdc8 {[%emt 0:00:21]} 26. Rxc4 {[%emt 0:00:17]} Rxc4 {[%emt 0:00:03]} 27. b3 {[%emt 0:00:33]} Rc2 {[%emt 0:01:05]} 28. Rb1 {[%emt 0:00:46]} Bb4 {[%emt 0:00:17]} 29. Bd6 {[%emt 0:00:21]} Bxd6 {[%emt 0:00:10]} 30. Nxd6 {[%emt 0:00:03]} Kf8 {[%emt 0:00:01]} 31. Nc4 {[%emt 0:00:15]} Rc3 {[%emt 0:00:15]} 32. Rd1 {[%emt 0:00:33]} Rxb3 {[%emt 0:00:05]} 33. Kg2 {[%emt 0:00:04]} Rb4 {[%emt 0:00:09]} 34. Rc1 {[%emt 0:00:04]} Rxa4 {[%emt 0:00:08]} 35. Ne3 {[%emt 0:00:12]} Rxd4 {[%emt 0:00:11]} 36. Rc8+ {[%emt 0:00:09]} Ke7 {[%emt 0:00:02]} 37. Nxd5+ {[%emt 0:00:02]} Rxd5 {[%emt 0:00:01]} 38. Rb8 {[%emt 0:00:01]} b5 {[%emt 0:00:05]} 39. Rb7+ {[%emt 0:00:01]} Kf6 {[%emt 0:00:02]} 40. f4 {[%emt 0:00:04]} a4 {[%emt 0:00:03]} 41. Kf3 {[%emt 0:00:01]} a3 {[%emt 0:00:03]} 42. Ke3 {[%emt 0:00:06]} Rd1 {[%emt 0:00:21]} 43. Ra7 {[%emt 0:00:11]} b4 {[%emt 0:00:02]} 44. Ke2 {[%emt 0:00:01]} Rb1 {[%emt 0:00:05]} 45. Kd2 {[%emt 0:00:04]} Rb2+ {[%emt 0:00:14]} 46. Kd3 {[%emt 0:00:02]} a2 {[%emt 0:00:08]} 47. Kd4 0-1

[Event "Kupreichik Memorial Rapid 2019"]
[Site "Minsk"]
[Date "2019.08.15"]
[Round "1.40"]
[White "Lavrishchev, Matvei"]
[Black "Sarbay, Aleksandr"]
[Result "0-1"]
[WhiteElo "1175"]
[BlackElo "2115"]
[Annotator "NA"]
[PlyCount "122"]
[EventDate "2019.08.15"]
[EventType "swiss"]
[EventCountry "BLR"]
[SourceTitle "playchess.com"]
[Source "ChessBase"]
[SourceQuality "1"]
[TimeControl "900+10"]

1. e4 {[%emt 0:00:00]} c5 {[%emt 0:00:00]} 2. Nf3 {[%emt 0:00:00]} Nc6 {[%emt 0:00:00]} 3. d4 {[%emt 0:00:00]} cxd4 {[%emt 0:00:03]} 4. Nxd4 {[%emt 0:00:00]} g6 {[%emt 0:00:01]} 5. Nc3 {[%emt 0:00:04]} Bg7 {[%emt 0:00:03]} 6. Be3 {[%emt 0:00:06]} Nf6 {[%emt 0:00:03]} 7. f3 {[%emt 0:00:07]} O-O {[%emt 0:00:37]} 8. Bc4 {[%emt 0:00:07]} Qb6 {[%emt 0:00:19]} 9. Bb3 {[%emt 0:00:37]} Nxe4 {[%emt 0:00:13]} 10. fxe4 {[%emt 0:00:13]} Bxd4 {[%emt 0:00:17]} 11. Bxd4 {[%emt 0:00:20]} Qxd4 {[%emt 0:00:06]} 12. Qxd4 {[%emt 0:00:08]} Nxd4 {[%emt 0:00:01]} 13. O-O-O {[%emt 0:00:24]} Nc6 14. Nd5 {[%emt 0:00:48]} d6 {[%emt 0:02:10]} 15. Ba4 {[%emt 0:01:14]} Bg4 {[%emt 0:01:23]} 16. Rd2 {[%emt 0:00:21]} Rae8 {[%emt 0:00:28]} 17. h3 {[%emt 0:00:27]} Bd7 {[%emt 0:00:26]} 18. Re1 {[%emt 0:01:46]} Ne5 {[%emt 0:00:22]} 19. Bxd7 {[%emt 0:00:31]} Nxd7 {[%emt 0:00:02]} 20. Nc7 {[%emt 0:00:10]} Rc8 {[%emt 0:00:26]} 21. Nb5 {[%emt 0:00:21]} a6 {[%emt 0:00:21]} 22. Nc3 {[%emt 0:00:15]} Nb6 {[%emt 0:00:36]} 23. Nd5 {[%emt 0:00:45]} Nxd5 {[%emt 0:00:09]} 24. exd5 {[%emt 0:00:00]} Rc7 {[%emt 0:01:13]} 25. Rde2 {[%emt 0:00:03]} Re8 {[%emt 0:01:13]} 26. Kd2 {[%emt 0:00:51]} Kf8 {[%emt 0:00:15]} 27. Kd3 {[%emt 0:00:06]} Rec8 {[%emt 0:00:50]} 28. b3 {[%emt 0:00:37]} b5 {[%emt 0:00:13]} 29. Rf2 {[%emt 0:00:17]} Rc3+ {[%emt 0:00:36]} 30. Ke2 {[%emt 0:00:32]} Rxc2+ {[%emt 0:00:06]} 31. Kf1 {[%emt 0:00:01]} Rxf2+ {[%emt 0:00:09]} 32. Kxf2 {[%emt 0:00:01]} Rc2+ {[%emt 0:00:08]} 33. Re2 {[%emt 0:00:01]} Rxe2+ {[%emt 0:00:07]} 34. Kxe2 {[%emt 0:00:00]} e6 {[%emt 0:00:11]} 35. Ke3 {[%emt 0:00:05]} exd5 {[%emt 0:00:07]} 36. Kd4 {[%emt 0:00:01]} Ke7 {[%emt 0:00:16]} 37. Kxd5 {[%emt 0:00:02]} Kd7 {[%emt 0:00:10]} 38. h4 {[%emt 0:00:23]} f5 {[%emt 0:00:25]} 39. g3 {[%emt 0:00:04]} h6 {[%emt 0:00:08]} 40. b4 {[%emt 0:01:01]} g5 {[%emt 0:00:08]} 41. h5 {[%emt 0:00:00]} Kc7 {[%emt 0:00:28]} 42. a3 {[%emt 0:01:34]} Kd7 {[%emt 0:00:02]} 43. Kd4 {[%emt 0:00:02]} Ke6 {[%emt 0:00:08]} 44. g4 {[%emt 0:00:18]} fxg4 {[%emt 0:00:04]} 45. Ke3 {[%emt 0:00:01]} d5 {[%emt 0:00:03]} 46. Kf2 {[%emt 0:00:02]} d4 {[%emt 0:00:02]} 47. Kg3 {[%emt 0:00:03]} d3 {[%emt 0:00:01]} 48. Kf2 {[%emt 0:00:01]} g3+ {[%emt 0:00:01]} 49. Kf1 {[%emt 0:00:10]} d2 {[%emt 0:00:08]} 50. Ke2 {[%emt 0:00:04]} g2 {[%emt 0:00:04]} 51. Kxd2 {[%emt 0:00:03]} g1=Q {[%emt 0:00:02]} 52. a4 {[%emt 0:00:03]} bxa4 {[%emt 0:00:13]} 53. b5 {[%emt 0:00:01]} axb5 {[%emt 0:00:04]} 54. Kc3 {[%emt 0:00:01]} Qc5+ {[%emt 0:00:06]} 55. Kb2 {[%emt 0:00:02]} b4 {[%emt 0:00:04]} 56. Ka2 {[%emt 0:00:00]} a3 {[%emt 0:00:24]} 57. Kb3 {[%emt 0:00:15]} a2 {[%emt 0:00:14]} 58. Kxa2 {[%emt 0:00:09]} Qc2+ {[%emt 0:00:24]} 59. Ka1 {[%emt 0:00:06]} Qh2 {[%emt 0:00:03]} 60. Kb1 {[%emt 0:00:01]} b3 {[%emt 0:00:01]} 61. Kc1 {[%emt 0:00:07]} Qc2# {[%emt 0:00:02] Kd1 Ke5+} 0-1

[Event "Kupreichik Memorial Rapid 2019"]
[Site "Minsk"]
[Date "2019.08.15"]
[Round "2.1"]
[White "Agapov, Sergey"]
[Black "Safarli, Eltaj"]
[Result "0-1"]
[WhiteElo "2265"]
[BlackElo "2593"]
[Annotator "TA"]
[PlyCount "74"]
[EventDate "2019.08.15"]
[EventType "swiss"]
[EventCountry "BLR"]
[SourceTitle "playchess.com"]
[Source "ChessBase"]
[SourceQuality "1"]

{[%evp 16,74,39,43,47,47,63,47,35,51,87,81,64,16,22,21,24,0,15,14,14,0,0,0,7,0,0,0,0,0,27,0,0,-96,-81,-78,-75,-152,-149,-160,-159,-260,-170,-146,-131,-135,-138,-131,-135,-98,-77,-100,-107,-97,-96,-195,-190,-610,-606,-604,-571]} 1. d4 Nf6 2. c4 g6 3. Nc3 d5 4. cxd5 Nxd5 5. e4 Nxc3 6. bxc3 Bg7 7. Nf3 c5 8. Be2 O-O 9. O-O Nd7 {D85: Exchange Grünfeld: Unusual White 7th moves and lines with 7 Nf3} (9... b6 10. Bg5 Bb7 11. Qd3 Qd7 12. Rad1 e6 13. Qe3 Qa4 14. Bh6 Nd7 15. Bxg7 Kxg7 16. e5 Rac8 17. Rd2 b5 18. dxc5 Bd5 19. Rd4 Qxa2 {½-½ (66) Ftacnik,L (2546)-Duda,J (2706) Heraklio 2017}) 10. Be3 Nf6 11. Qc2 b6 $146 {White is slightly better.} ({Predecessor:} 11... Bg4 12. Rfd1 cxd4 13. cxd4 Qa5 14. h3 Bxf3 15. Bxf3 Rac8 16. Qd2 Qa4 17. Rac1 {1-0 (28) D'Avino,G (1843)-D'Avino,L (1869) Milan 2012}) 12. Rad1 e6 13. dxc5 Qc7 14. cxb6 axb6 15. Bd4 Bb7 16. Bd3 Rfc8 17. Qb1 Nd7 18. Bb5 Nc5 19. Rfe1 Ra3 20. h4 Rca8 21. Rd2 Qf4 {[%cal Rb7e4]} 22. Rde2 h6 23. Qb4 (23. Bc4 $5 {[%cal Rd4c5]} Qc7 24. Bxg7 Kxg7 25. Nd4 $11) 23... Bxd4 24. cxd4 (24. Qxd4 $11 {remains equal.} R3a5 25. Bc4) 24... Nxe4 $17 25. d5 exd5 26. Nd2 (26. Qe7 $142 R3a7 27. Rb2) 26... Rxa2 ({Not} 26... Qxh4 27. f3 $16) 27. Nxe4 {[#] Black must now prevent g3.} dxe4 28. Qe7 (28. h5 $17 gxh5 29. Qd4) 28... Rxe2 29. Bxe2 Bd5 {...Qd2 is the strong threat.} 30. Rd1 Be6 {And now ...e3 would win.} 31. g3 Qb8 32. Rd6 Qf8 33. Rxe6 fxe6 34. Qxe6+ Kg7 {Threatens to win with ...Qc5.} 35. Qxe4 (35. Qxb6 $17 Re8 36. Bc4) 35... Re8 $19 36. Qg4 $2 {[#]} (36. Qd4+ Qf6 37. Qd2) 36... Qf5 37. Qc4 Qe6 {Accuracy: White = 27%, Black = 68%.} 0-1

[Event "Kupreichik Memorial Rapid 2019"]
[Site "Minsk"]
[Date "2019.08.15"]
[Round "2.2"]
[White "Zhigalko, Sergei"]
[Black "Maryasin, Boris"]
[Result "1-0"]
[WhiteElo "2574"]
[BlackElo "2302"]
[Annotator "TA"]
[PlyCount "59"]
[EventDate "2019.08.15"]
[EventType "swiss"]
[EventCountry "BLR"]
[SourceTitle "playchess.com"]
[Source "ChessBase"]
[SourceQuality "1"]

{[%evp 15,59,6,12,8,12,8,1,2,15,13,36,29,69,52,53,48,62,68,60,68,75,85,85,85,74,83,105,104,116,107,120,99,98,109,150,144,157,143,143,136,137,128,626,626,613,616]} 1. e4 c5 2. Nf3 Nc6 3. c3 Nf6 4. e5 Nd5 5. Bc4 e6 6. O-O d6 7. d4 cxd4 8. cxd4 Be7 9. Bd2 {B22: Sicilian: 2 c3} (9. Qe2 O-O 10. a3 Bd7 11. exd6 Bxd6 12. Nc3 Nce7 13. Ne4 Bc6 14. Ne5 Rc8 15. Rd1 Bb8 16. Ng5 Be8 17. Bd3 Nf6 18. Ngf3 Ned5 19. Bd2 a6 20. Rac1 Rxc1 21. Rxc1 Qb6 22. Nc4 Qd8 23. Nce5 Qb6 24. Nc4 Qd8 {½-½ (24) Vachier Lagrave,M (2789)-Caruana,F (2816) Leuven 2018}) 9... O-O 10. Nc3 Nxc3 11. Bxc3 {The position is equal.} a6 12. d5 $146 ({Predecessor:} 12. a4 Na5 13. Bd3 g6 14. Re1 Bd7 15. Nd2 d5 16. g3 Rc8 {0-1 (46) Puppi Lazo,S (1710)-Nestorovic,K (2017) Khanty-Mansiysk 2016}) 12... exd5 13. Bxd5 Bg4 14. h3 Bxf3 15. Qxf3 Nxe5 16. Qe4 Rb8 17. Bxb7 Qb6 18. Bd5 Bf6 19. Qf5 Qd8 20. Rad1 Nd7 21. Ba5 Nb6 22. b3 $40 {[%mdl 128] White has strong attack.} Qc8 23. Be4 {[%csl Ge4][%cal Rf5h7] [#]} Qxf5 24. Bxf5 Rfd8 25. Rc1 {Hoping for Rc6.} g6 26. Bd3 Rd7 27. Rfd1 Nd5 28. Bxa6 Ra8 $2 {[%mdl 8192] [#]} (28... Ra7 $16) 29. Rc8+ $18 ({Not} 29. Rxd5 Rxa6 30. a4 Rb7 $16) 29... Rxc8 30. Bxc8 {Accuracy: White = 92%, Black = 48%.} 1-0